| 000 | 00467cam a2200169 a 4500 | ||
|---|---|---|---|
| 020 | _a0911625771 : | ||
| 040 | _cDLC | ||
| 082 | 0 | 0 | _a652 MUR 1993 Or. |
| 100 | 1 | _aMurach, Joel, | |
| 245 | 1 | 4 | _aThe WordPerfect tutorial for DOS / |
| 260 |
_aFresno, Calif. : _bM. Murach & Associates, _cc1993. |
||
| 300 |
_aviii, 132 p. : _bill. ; _c24 cm. |
||
| 500 | _a"Covers releases 5.0 & 5.1"--Cover. | ||
| 500 | _aIncludes index. | ||
| 650 | 0 | _aWord processing. | |
| 942 | _cEK | ||
| 999 |
_c14019 _d14019 |
||